[Event "Russian Championship B15 2016"]
[Site "Loo"]
[Date "2016.04.26"]
[Round "7.8"]
[White "Remizov, Yaroslav"]
[Black "Isaykin, Artem"]
[Result "1-0"]
[WhiteElo "2124"]
[BlackElo "1924"]
[PlyCount "157"]
[EventDate "2016.04.20"]

1. e4 e6 2. d4 d5 3. Nc3 Nf6 4. e5 Nfd7 5. f4 c5 6. Nf3 Nc6 7. Be3 a6 8. Qd2
Be7 9. O-O-O c4 10. f5 Qa5 11. fxe6 fxe6 12. Ng5 Nd8 13. Kb1 h6 14. Nh3 Bb4 15.
Be2 Nb6 16. a3 Bxc3 17. Qxc3 Qxc3 18. bxc3 Na4 19. Bd2 Kd7 20. Kc1 Kc7 21. Rdf1
Bd7 22. Rf3 Nc6 23. Rf7 Rag8 24. Rhf1 Nd8 25. R7f2 Be8 26. Nf4 Nb6 27. Bg4 Kd7
28. Kd1 Ke7 29. Ke2 h5 30. Bh3 g5 31. Bxe6 gxf4 32. Bxg8 Rxg8 33. Bxf4 Ne6 34.
Bg3 Rg4 35. Rf6 Nd7 36. Rh6 Bg6 37. Rf3 Be4 38. Rf2 Ng7 39. e6 Nxe6 40. Rxh5
Bxc2 41. Rxd5 Bg6 42. Bd6+ Ke8 43. h3 Be4 44. Rh5 Rxg2 45. Rh8+ Nef8 46. Bxf8
Rxf2+ 47. Kxf2 Nxf8 48. Rh5 Nd7 49. Ke3 Bg6 50. Rg5 Kf7 51. d5 b5 52. Kd4 Kf6
53. h4 Bf7 54. Rg1 Ke7 55. Rg7 Kf6 56. Rg5 Bg6 57. Rg2 Bf7 58. Rh2 Bh5 59. Rf2+
Ke7 60. Rf1 Bf7 61. Rf5 Bg6 62. Rg5 Kf6 63. a4 Bf7 64. axb5 axb5 65. Rg1 Nb6
66. Rf1+ Ke7 67. d6+ Ke6 68. Kc5 Nd7+ 69. Kxb5 Bg6 70. Kc6 Be4+ 71. Kc7 Ne5 72.
Re1 Kd5 73. d7 Nxd7 74. Kxd7 Bd3 75. h5 Kc5 76. h6 Kb5 77. Kd6 Ka4 78. Kc5 Kb3
79. Kd4 1-0

[Event "Russian Championship B15 2016"]
[Site "Loo"]
[Date "2016.04.26"]
[Round "7.9"]
[White "Salemgareev, Tagir"]
[Black "Shemyakin, Valeriy"]
[Result "1/2-1/2"]
[WhiteElo "2262"]
[BlackElo "2077"]
[PlyCount "118"]
[EventDate "2016.04.20"]

1. d4 Nc6 2. Nf3 d6 3. c4 g6 4. Nc3 Bg7 5. e4 Bg4 6. d5 Nd4 7. Be2 Bxf3 8. Bxf3
c5 9. O-O Nf6 10. Be2 O-O 11. Be3 Nd7 12. Bd3 Rb8 13. Rb1 a6 14. Kh1 Qc7 15. f4
b5 16. b3 b4 17. Ne2 Nxe2 18. Bxe2 a5 19. Bf3 Rb6 20. h4 a4 21. h5 axb3 22.
axb3 Ra8 23. hxg6 hxg6 24. Bg4 Rba6 25. f5 Ne5 26. fxg6 Nxg6 27. Qf3 Rf8 28.
Bf5 Qa7 29. Qh5 Qa8 30. Rf3 Ra1 31. Rg1 Rxg1+ 32. Bxg1 Qa1 33. Rh3 Ra8 34. Bxg6
fxg6 35. Qxg6 Qf6 36. Qh7+ Kf7 37. Rf3 Rh8 38. Rxf6+ exf6 39. Qxh8 Bxh8 40. Bh2
Ke7 41. Kg1 Bg7 42. Kf2 Bf8 43. Kf3 Kf7 44. Kg4 Kg6 45. Bf4 Be7 46. Be3 Bf8 47.
Kf3 Be7 48. g3 Bf8 49. g4 Be7 50. Bd2 Bd8 51. Bc1 Be7 52. Kf4 Bf8 53. Kg3 Be7
54. Kf3 Bf8 55. Bd2 Be7 56. Bf4 Bf8 57. Bd2 Be7 58. Be3 Bf8 59. Bd2 Be7 1/2-1/2

[Event "Russian Championship B15 2016"]
[Site "Loo"]
[Date "2016.04.26"]
[Round "7.10"]
[White "Babanin, Gleb"]
[Black "Gasanov, Zaur"]
[Result "1-0"]
[WhiteElo "1992"]
[BlackElo "2148"]
[PlyCount "71"]
[EventDate "2016.04.20"]

1. e4 c6 2. d4 d5 3. Nc3 dxe4 4. Nxe4 Nd7 5. Bc4 Ngf6 6. Ng5 e6 7. Qe2 Nb6 8.
Bd3 h6 9. N5f3 c5 10. dxc5 Bxc5 11. Ne5 Qc7 12. Ngf3 Nbd7 13. O-O Nxe5 14. Nxe5
Bd6 15. Bb5+ Ke7 16. Bf4 g5 17. Bg3 a6 18. Ba4 h5 19. Rad1 Rd8 20. Rxd6 Rxd6
21. Nc4 Ne8 22. Bxe8 Kxe8 23. Nxd6+ Kf8 24. Qxh5 Kg8 25. Qxg5+ Kf8 26. Qh6+ Ke7
27. Nf5+ exf5 28. Bxc7 Be6 29. Rd1 Rc8 30. Qh4+ f6 31. Qh7+ Bf7 32. Re1+ Kd7
33. Qxf7+ Kc6 34. Re6+ Kc5 35. Bb6+ Kb5 36. Qd7+ 1-0

[Event "Russian Championship B15 2016"]
[Site "Loo"]
[Date "2016.04.26"]
[Round "7.11"]
[White "Akhtariev, Andrey"]
[Black "Pavlov, Danila"]
[Result "0-1"]
[WhiteElo "1927"]
[BlackElo "2094"]
[PlyCount "138"]
[EventDate "2016.04.20"]

1. e4 e6 2. d4 d5 3. Bd3 c5 4. exd5 Qxd5 5. Nf3 cxd4 6. O-O Nc6 7. c3 dxc3 8.
Nxc3 Qd8 9. Qe2 a6 10. Bf4 Bd6 11. Ne5 Nxe5 12. Bxe5 Bxe5 13. Qxe5 Nf6 14. Rfd1
Qe7 15. Ne4 O-O 16. Rac1 Nxe4 17. Bxe4 Qf6 18. Qc7 e5 19. Rd6 Qf4 20. Bd5 Be6
21. g3 Qg5 22. h4 Qf5 23. Bxb7 Rab8 24. Rxa6 e4 25. Qc6 e3 26. fxe3 Qe5 27. Rc3
Qxg3+ 28. Qg2 Qe1+ 29. Kh2 Rfd8 30. Rxe6 fxe6 31. Kh3 Rd2 32. Qf3 Rf2 33. Qh1
Qd2 34. Bc8 Qd6 35. Rc6 Qf8 36. Bxe6+ Kh8 37. Bg4 Rfxb2 38. Qc1 Rxa2 39. Qc4
Ra3 40. Re6 Re8 41. Qc5 Qf1+ 42. Kg3 Raa8 43. Qc6 Rf8 44. Bf3 Qg1+ 45. Bg2 Qf2+
46. Kh3 Rad8 47. Qe4 Rd7 48. Re8 Rdf7 49. Rxf8+ Rxf8 50. Kg4 Qf7 51. h5 Re8 52.
Qf4 Qe6+ 53. Kf3 Qd5+ 54. Kf2 Qxh5 55. Bc6 Rg8 56. Bd7 Qc5 57. Ke2 Rf8 58. Qg4
Qc2+ 59. Ke1 Qf2+ 60. Kd1 Rd8 61. Qe6 Qf6 62. Ke2 Qxe6 63. Bxe6 g6 64. Kf3 Kg7
65. e4 Kf6 66. Bc4 Ke5 67. Ba2 Rd3+ 68. Kg4 h6 69. Bf7 Rd6 0-1

[Event "Russian Championship B15 2016"]
[Site "Loo"]
[Date "2016.04.26"]
[Round "7.12"]
[White "Ivanov, Daniil"]
[Black "Shinkevich, Maksim"]
[Result "1-0"]
[WhiteElo "1975"]
[BlackElo "1997"]
[PlyCount "79"]
[EventDate "2016.04.20"]

1. e4 c5 2. Nf3 Nc6 3. Bb5 d6 4. O-O Bd7 5. Re1 a6 6. Bxc6 Bxc6 7. d4 Nf6 8. d5
Bd7 9. e5 dxe5 10. Nxe5 Bf5 11. c4 Nd7 12. Nc3 Nxe5 13. Rxe5 g6 14. Bg5 Qd6 15.
Bf4 Bh6 16. Bg3 Qd7 17. Na4 Rd8 18. Nb6 Qd6 19. Re6 Qxe6 20. Qa4+ Qd7 21. Nxd7
Bxd7 22. Qa5 b5 23. d6 e6 24. cxb5 axb5 25. Be5 O-O 26. Bf6 Rc8 27. Qa7 Bc6 28.
d7 Ra8 29. Qc7 Bxd7 30. Qxd7 b4 31. Qd3 Rfc8 32. Qc4 Ra7 33. Rd1 Bf8 34. g3
Rca8 35. Rd8 Rxa2 36. Rxa8 Rxa8 37. Kg2 Rb8 38. Qf4 Rc8 39. Be5 c4 40. Qf6 1-0

[Event "Russian Championship B15 2016"]
[Site "Loo"]
[Date "2016.04.26"]
[Round "7.13"]
[White "Levdansky, Alexey"]
[Black "Geshko, Aleksey"]
[Result "1-0"]
[WhiteElo "1962"]
[BlackElo "2179"]
[PlyCount "83"]
[EventDate "2016.04.20"]

1. d4 Nf6 2. c4 e6 3. Nf3 Bb4+ 4. Bd2 c5 5. Bxb4 cxb4 6. g3 O-O 7. Bg2 d6 8.
O-O a5 9. Nbd2 Qc7 10. e4 e5 11. a3 Na6 12. h3 bxa3 13. bxa3 exd4 14. Nxd4 Be6
15. Rb1 Rab8 16. Nxe6 fxe6 17. Rb5 Nc5 18. Qe2 e5 19. h4 Ne6 20. Nb3 b6 21. Bh3
Nd8 22. Nd2 Kh8 23. Rd1 Nc6 24. Nf3 Na7 25. Rb2 Qc6 26. Re1 Nxe4 27. Nxe5 Nxg3
28. fxg3 dxe5 29. Qxe5 Rbe8 30. Qc3 Rxe1+ 31. Qxe1 Qxc4 32. Kh1 Nc6 33. Rf2 Rd8
34. Bg2 Nd4 35. Qe7 Rg8 36. Rf8 h6 37. Be4 Qc1+ 38. Kh2 Qb2+ 39. Kh3 Qb3 40.
Rf6 g6 41. Bxg6 Rxg6 42. Rxg6 1-0

[Event "Russian Championship B15 2016"]
[Site "Loo"]
[Date "2016.04.26"]
[Round "7.14"]
[White "Sakulo, Denis"]
[Black "Bedenko, Nikita"]
[Result "1/2-1/2"]
[WhiteElo "2085"]
[BlackElo "1917"]
[PlyCount "80"]
[EventDate "2016.04.20"]

1. d4 d5 2. c4 e6 3. Nf3 Nf6 4. g3 c6 5. Bg2 Nbd7 6. Qc2 Bd6 7. O-O Qe7 8. Nbd2
e5 9. cxd5 Nxd5 10. Nc4 Bc7 11. e4 N5b6 12. Ncxe5 Nxe5 13. Nxe5 Bxe5 14. dxe5
Qxe5 15. Bf4 Qe6 16. Qc5 Nd7 17. Qa3 Ne5 18. Rfd1 f6 19. Rd6 Qe7 20. Rad1 O-O
21. Bxe5 fxe5 22. h3 Be6 23. Qc5 Qf6 24. Bf1 Qf3 25. b3 Rae8 26. Qxa7 Bd5 27.
exd5 Qxd1 28. Rd7 e4 29. dxc6 Qa1 30. Qd4 Qxd4 31. Rxd4 bxc6 32. Bc4+ Kh8 33.
Kg2 e3 34. fxe3 Rxe3 35. Rd6 Rc3 36. a4 Rc2+ 37. Kg1 Rc1+ 38. Kg2 Rc2+ 39. Kg1
Rc1+ 40. Kg2 Rc2+ 1/2-1/2

[Event "Russian Championship B15 2016"]
[Site "Loo"]
[Date "2016.04.26"]
[Round "7.15"]
[White "Timoshkin, Aleksandr"]
[Black "Kavyev, Ruslan"]
[Result "0-1"]
[WhiteElo "1758"]
[BlackElo "2058"]
[PlyCount "150"]
[EventDate "2016.04.20"]

1. d4 Nf6 2. Nf3 g6 3. Bg5 Bg7 4. Nbd2 O-O 5. e3 h6 6. Bh4 d6 7. Be2 c5 8. c3
Qb6 9. Qb3 Be6 10. Qxb6 axb6 11. a3 Nc6 12. O-O Na5 13. Rfe1 Rfc8 14. e4 g5 15.
Bg3 g4 16. Nh4 cxd4 17. cxd4 Rc2 18. Rad1 Rxb2 19. Nf5 Bxf5 20. exf5 Rc8 21.
Nf1 h5 22. Ne3 Rc3 23. Ra1 Bh6 24. Nd1 Nb3 25. Nxb2 Nxa1 26. Rxa1 Rc2 27. Na4
Rxe2 28. Nxb6 Rd2 29. h3 gxh3 30. gxh3 Rxd4 31. Re1 Kf8 32. Nc8 Nd5 33. f6 Nxf6
34. Nxe7 Bd2 35. Re2 Ne4 36. Nf5 Nxg3 37. Nxg3 Bc1 38. Rc2 Rd1+ 39. Kg2 Bxa3
40. Rc8+ Ke7 41. Rc7+ Ke6 42. Rxb7 Rd5 43. Ne2 Kf6 44. Rb3 Bc5 45. Ng3 Re5 46.
f4 Rd5 47. Kf3 Ke6 48. f5+ Ke5 49. Rb7 Rd3+ 50. Kg2 Rd2+ 51. Kh1 h4 52. Nh5
Rd1+ 53. Kh2 Kxf5 54. Ng7+ Kg6 55. Ne8 Re1 56. Rb8 Re2+ 57. Kh1 Re3 58. Kg2
Rg3+ 59. Kh2 Bd4 60. Rb4 Be5 61. Kh1 Rxh3+ 62. Kg1 Kf5 63. Kg2 Rg3+ 64. Kh1
Rh3+ 65. Kg2 Rg3+ 66. Kh1 Rg4 67. Rb7 f6 68. Ng7+ Kg6 69. Ne6 Rc4 70. Nf8+ Kf5
71. Rh7 Kg4 72. Rg7+ Kh3 73. Rg1 Rc2 74. Re1 Bd4 75. Ne6 Rh2# 0-1

[Event "Russian Championship B15 2016"]
[Site "Loo"]
[Date "2016.04.26"]
[Round "7.16"]
[White "Korolev, Kirill"]
[Black "Shidlovskiy, Artemiy"]
[Result "1-0"]
[WhiteElo "1994"]
[BlackElo "1879"]
[PlyCount "70"]
[EventDate "2016.04.20"]

1. f4 d5 2. Nf3 Bg4 3. b4 e6 4. a3 Nf6 5. Bb2 Bd6 6. e3 O-O 7. Be2 a5 8. b5 a4
9. O-O c5 10. bxc6 bxc6 11. Ne5 Bxe2 12. Qxe2 Qb6 13. Ra2 c5 14. d4 Ne4 15. Nd2
f5 16. Nxe4 fxe4 17. Qg4 Bxe5 18. dxc5 Qxb2 19. Rxb2 Bxb2 20. Qxe6+ Kh8 21.
Qxd5 Na6 22. Qxe4 Bxa3 23. Qxa4 Bxc5 24. g3 Bxe3+ 25. Kg2 Nc7 26. Qb3 Rae8 27.
Rd1 Re7 28. Qb4 Rfe8 29. Rd8 Nd5 30. Rxd5 Rc7 31. Qe4 Rcc8 32. Re5 Rxe5 33.
fxe5 Bc5 34. e6 Kg8 35. e7 Kf7 1-0

[Event "Russian Championship B15 2016"]
[Site "Loo"]
[Date "2016.04.26"]
[Round "7.17"]
[White "Rysakov, Anton"]
[Black "Peisakhov, Imanuil"]
[Result "1-0"]
[WhiteElo "1979"]
[BlackElo "1866"]
[PlyCount "133"]
[EventDate "2016.04.20"]

1. e4 e6 2. d4 d5 3. Nc3 Bb4 4. e5 Bxc3+ 5. bxc3 Ne7 6. Qg4 Nf5 7. Ba3 Nd7 8.
Bd3 g6 9. Bxf5 exf5 10. Qg3 Nb6 11. Ne2 Nc4 12. Bc1 Be6 13. Bg5 Qd7 14. Bf6 Rf8
15. a4 b6 16. Qg5 h5 17. Qh6 c6 18. Nf4 Na5 19. Qh7 Rc8 20. Bg7 c5 21. Bxf8
Kxf8 22. O-O cxd4 23. Rad1 Rxc3 24. Rxd4 Rxc2 25. Rxd5 Qxd5 26. Nxd5 Bxd5 27.
Qh8+ Ke7 28. Qf6+ Ke8 29. Qd6 Be6 30. Qb8+ Rc8 31. Qxa7 Nc4 32. Rc1 Kf8 33. h3
Kg7 34. Qa6 Rc5 35. f4 Ra5 36. Qb7 Rxa4 37. Qe7 Ra8 38. Qf6+ Kh7 39. g4 hxg4
40. hxg4 fxg4 41. f5 gxf5 42. Rxc4 Bxc4 43. Qxf5+ Kg8 44. Qxg4+ Kf8 45. Qxc4
Re8 46. Qb4+ Kg7 47. Qd4 Re6 48. Kf2 Kf8 49. Qd8+ Kg7 50. Qg5+ Kf8 51. Kf3 Ke8
52. Kf4 Rg6 53. Qh5 Re6 54. Ke4 Rg6 55. Kd5 Re6 56. Kc4 b5+ 57. Kxb5 Ke7 58.
Kc5 Rg6 59. Kd5 Ke8 60. Ke4 Rc6 61. Kf5 Rg6 62. Qh8+ Ke7 63. Qb8 Re6 64. Qc7+
Ke8 65. Qc8+ Ke7 66. Qxe6+ fxe6+ 67. Kg6 1-0

[Event "Russian Championship B15 2016"]
[Site "Loo"]
[Date "2016.04.26"]
[Round "7.18"]
[White "Koren, Vladimir"]
[Black "Sokolov, Nikita Dm"]
[Result "0-1"]
[WhiteElo "1826"]
[BlackElo "2126"]
[PlyCount "128"]
[EventDate "2016.04.20"]

1. e4 c5 2. c3 d5 3. exd5 Qxd5 4. d4 Nf6 5. Na3 cxd4 6. Nb5 Na6 7. Qxd4 e5 8.
Qxd5 Nxd5 9. Nf3 f6 10. Be2 Be6 11. O-O Bc5 12. a3 O-O-O 13. b4 Bb6 14. c4 Ndc7
15. c5 Nxb5 16. Bxb5 Bc7 17. Be3 Nb8 18. Rfd1 a6 19. Be2 Nc6 20. Nd2 Nd4 21.
Bc4 Bf5 22. Rac1 Nc2 23. Nb1 Nxe3 24. fxe3 Bg4 25. Rd5 Bd7 26. Rcd1 Bc6 27.
Rxd8+ Rxd8 28. Be6+ Kb8 29. Rxd8+ Bxd8 30. Nc3 b6 31. cxb6 Bxb6 32. Kf2 Kc7 33.
Bc4 Bb7 34. Bd5 Bc6 35. Ke2 f5 36. e4 fxe4 37. Bxe4 Bd4 38. Kd3 Bxc3 39. Bxc6
Bxb4 40. Be4 Bxa3 41. Bxh7 Kd6 42. Kc4 Bc1 43. Bf5 a5 44. Bc2 Bd2 45. h3 Be1
46. Bd1 Ke6 47. Bc2 Bb4 48. Be4 Kf6 49. Bc2 Kg5 50. Kd5 Kf4 51. h4 Be1 52. h5
Bc3 53. Kc4 Ba1 54. Kb5 e4 55. Kxa5 e3 56. Bd1 Kg3 57. Kb5 Kf2 58. Kc4 e2 59.
Bxe2 Kxe2 60. Kd5 Ke3 61. Ke6 Kf4 62. h6 gxh6 63. Kf7 h5 64. Kg6 h4 0-1

[Event "Russian Championship B15 2016"]
[Site "Loo"]
[Date "2016.04.26"]
[Round "7.19"]
[White "Osipov, Daniil"]
[Black "Romadov, Dmitriy"]
[Result "1-0"]
[WhiteElo "2068"]
[BlackElo "1533"]
[PlyCount "87"]
[EventDate "2016.04.20"]

1. e4 c5 2. Nf3 Nc6 3. d4 cxd4 4. Nxd4 Nf6 5. Nc3 e5 6. Ndb5 d6 7. Bg5 a6 8.
Na3 b5 9. Nd5 Be7 10. Bxf6 Bxf6 11. c4 b4 12. Nc2 Rb8 13. b3 Bg5 14. g3 O-O 15.
h4 Bh6 16. Bg2 Be6 17. O-O Qd7 18. Qd3 f5 19. exf5 Bxf5 20. Be4 g6 21. Nde3
Bxe3 22. Qxe3 Bxe4 23. Qxe4 Qc7 24. Rad1 Ne7 25. Ne3 Rbd8 26. Nd5 Nxd5 27.
Qxd5+ Kg7 28. Rd2 a5 29. Rfd1 Rfe8 30. Qe4 Re6 31. Rd5 Rc8 32. c5 Qc6 33. cxd6
Rd8 34. Qd3 Qc3 35. Qc4 e4 36. Qc7+ Qxc7 37. dxc7 Rxd5 38. Rxd5 Rc6 39. Rd7+
Kf6 40. Rxh7 Ke6 41. Kg2 Kd6 42. Kh3 Kc5 43. Kg4 Kd4 44. h5 1-0

[Event "Russian Championship B15 2016"]
[Site "Loo"]
[Date "2016.04.26"]
[Round "7.20"]
[White "Novikov, Kirill"]
[Black "Shirshov, Nikolay"]
[Result "0-1"]
[WhiteElo "1814"]
[BlackElo "2002"]
[PlyCount "94"]
[EventDate "2016.04.20"]

1. d4 Nf6 2. Bf4 g6 3. Nf3 Bg7 4. e3 O-O 5. c3 d6 6. Nbd2 Nbd7 7. h3 c5 8. Bd3
b6 9. O-O Bb7 10. Re1 Rc8 11. Qc2 cxd4 12. exd4 Nd5 13. Bg3 Nb4 14. Qb1 Nxd3
15. Qxd3 Re8 16. Re2 Nf6 17. Rae1 d5 18. Be5 e6 19. Nh2 Rc6 20. Ndf3 Qc8 21.
Bxf6 Bxf6 22. Ng4 Bg7 23. Qe3 Re7 24. Nh6+ Kh8 25. Ne5 Rcc7 26. Nexf7+ Rxf7 27.
Nxf7+ Rxf7 28. Qxe6 Qxe6 29. Rxe6 Bf8 30. f3 Kg7 31. Kf2 Rc7 32. g4 Kf7 33. f4
Bc8 34. R6e3 Bd6 35. Rf3 Bd7 36. Kg2 Rc8 37. Kf2 Rh8 38. Ke3 h5 39. g5 Bf5 40.
Kd2 Be4 41. Rfe3 Ke6 42. Rxe4+ dxe4 43. Rxe4+ Kf5 44. Ke3 Rh7 45. d5 Re7 46.
Re6 Rxe6+ 47. dxe6 Bxf4+ 0-1

[Event "Russian Championship B15 2016"]
[Site "Loo"]
[Date "2016.04.26"]
[Round "7.21"]
[White "Tyapkin, Petr"]
[Black "Shoboev, Dandar"]
[Result "0-1"]
[WhiteElo "1962"]
[BlackElo "1846"]
[PlyCount "72"]
[EventDate "2016.04.20"]

1. d4 d5 2. Nf3 c6 3. g3 e6 4. Bg2 f5 5. c4 Nf6 6. O-O Be7 7. Qc2 O-O 8. Nc3
Nbd7 9. Rb1 Ne4 10. b4 Ndf6 11. b5 Nxc3 12. Qxc3 Ne4 13. Qc2 cxb5 14. cxd5 a6
15. Rd1 exd5 16. Bb2 f4 17. Rbc1 fxg3 18. hxg3 Bd6 19. Qb3 Be6 20. Ne5 Qf6 21.
f4 Rac8 22. Bxe4 dxe4 23. d5 Bf5 24. Nd7 Qg6 25. Nxf8 Rxf8 26. Kf2 Re8 27. Qe3
Bg4 28. Bd4 Qh5 29. Bc5 Qh2+ 30. Ke1 Bc7 31. Bb4 Bb6 32. Rc5 a5 33. d6 axb4 34.
d7 Rd8 35. Qb3+ Kh8 36. Rc2 e3 0-1

[Event "Russian Championship B15 2016"]
[Site "Loo"]
[Date "2016.04.26"]
[Round "7.22"]
[White "Shchukin, Maksim"]
[Black "Danilchenko, Dmitrij"]
[Result "1-0"]
[WhiteElo "1891"]
[BlackElo "1815"]
[PlyCount "127"]
[EventDate "2016.04.20"]

1. e4 c5 2. Nf3 d6 3. d4 cxd4 4. Nxd4 e5 5. Nb3 Be6 6. Nc3 Nf6 7. f3 a6 8. Be3
b5 9. Qd2 Be7 10. O-O-O Nbd7 11. Kb1 Nb6 12. Na5 Qc7 13. Bxb6 Qxb6 14. Nd5 Nxd5
15. exd5 Bd7 16. Bd3 O-O 17. g4 Bd8 18. Nb3 a5 19. h4 b4 20. g5 a4 21. Nc1 a3
22. b3 Qd4 23. c4 f5 24. gxf6 Rxf6 25. Be4 Qxd2 26. Rxd2 Be8 27. Nd3 Bh5 28.
Rh3 Bb6 29. Rd1 Raf8 30. Rf1 Bc5 31. Kc2 Bg6 32. Nxc5 dxc5 33. Kd3 Bxe4+ 34.
Kxe4 Re8 35. Rg1 Rf4+ 36. Ke3 Rd4 37. Rg4 Rd1 38. Rh2 Rd4 39. Re4 Rd1 40. Rd2
Rb1 41. Ke2 Kf7 42. Kf2 Rh1 43. Rde2 Rh2+ 44. Kf1 Rxe2 45. Kxe2 h6 46. h5 g5
47. hxg6+ Kxg6 48. f4 Rg8 49. Rxe5 Kf6 50. Re6+ Kf5 51. Kf2 Kxf4 52. Rxh6 Ke5
53. Rh3 Kd4 54. d6 Rd8 55. Rh6 Ke5 56. Ke3 Re8 57. d7 Rd8 58. Rh5+ Ke6 59. Rd5
Rxd7 60. Rxd7 Kxd7 61. Kf4 Kd6 62. Kf5 Kd7 63. Ke5 Kc6 64. Ke6 1-0

[Event "Russian Championship B15 2016"]
[Site "Loo"]
[Date "2016.04.26"]
[Round "7.23"]
[White "Pesotskiy, Mikhail"]
[Black "Baranovskiy, Daniil"]
[Result "1/2-1/2"]
[WhiteElo "2152"]
[BlackElo "1899"]
[PlyCount "78"]
[EventDate "2016.04.20"]

1. d4 f5 2. Nf3 Nf6 3. g3 g6 4. Bg2 Bg7 5. O-O O-O 6. c4 d6 7. Nc3 Nc6 8. d5
Na5 9. b3 b6 10. Bb2 Nb7 11. b4 Qe8 12. Nd4 a6 13. Re1 Nd8 14. e4 Nf7 15. exf5
Bxf5 16. Nc6 Ne5 17. Nxe5 dxe5 18. Rxe5 Ng4 19. Rxf5 gxf5 20. Qe2 Qd7 21. h3
Ne5 22. f4 Ng6 23. Re1 a5 24. b5 Rad8 25. Qc2 Rfe8 26. Ne2 Bxb2 27. Qxb2 e5 28.
dxe6 Qxe6 29. Bd5 Rxd5 30. cxd5 Qxd5 31. Rc1 Qd3 32. Rxc7 Qe3+ 33. Kf1 Qf3+ 34.
Kg1 Qe3+ 35. Kf1 Qf3+ 36. Kg1 Qe3+ 37. Kf1 Qf3+ 38. Kg1 Qe3+ 39. Kf1 Qf3+
1/2-1/2

[Event "Russian Championship B15 2016"]
[Site "Loo"]
[Date "2016.04.26"]
[Round "7.24"]
[White "Moiseev, Danila"]
[Black "Dyurmenov, Beslan"]
[Result "1-0"]
[WhiteElo "2135"]
[BlackElo "1757"]
[PlyCount "133"]
[EventDate "2016.04.20"]

1. e4 e6 2. d4 d5 3. e5 c5 4. c3 Nc6 5. Nf3 f5 6. Be3 Bd7 7. Bd3 Qb6 8. Qd2 Nh6
9. dxc5 Bxc5 10. Bxc5 Qxc5 11. Qg5 O-O 12. O-O Nf7 13. Qf4 Ne7 14. Nbd2 Ng6 15.
Qg3 Bb5 16. Nb3 Qb6 17. Bxb5 Qxb5 18. Nfd4 Qb6 19. f4 Rfe8 20. Rf2 Rac8 21. Qf3
Qd8 22. Raf1 a6 23. Qd3 Qh4 24. Rf3 Nh6 25. h3 Qd8 26. R3f2 Qe7 27. g3 Qd8 28.
Nf3 Ne7 29. Ng5 Nc6 30. Nf3 Qe7 31. Nbd4 Nxd4 32. Nxd4 g6 33. Rc2 Qc5 34. Rfc1
Rcd8 35. Qe3 b5 36. Nxf5 Qxe3+ 37. Nxe3 Nf5 38. Ng4 Kf7 39. Kf2 Re7 40. Nh2 Rc7
41. Nf3 Ne7 42. Ng5+ Ke8 43. Nxe6 Rc6 44. Nxd8 Kxd8 45. b3 a5 46. Rd1 Ke8 47.
c4 dxc4 48. bxc4 b4 49. Rd6 Rc5 50. g4 a4 51. Rb6 Nc6 52. Rb5 b3 53. axb3 axb3
54. Rc3 Rxb5 55. cxb5 Nd4 56. Rc1 Nxb5 57. Rb1 Nd4 58. Ke3 Nc2+ 59. Ke4 Na3 60.
Rxb3 Nc4 61. Kd5 Nd2 62. Rd3 Nf1 63. Ke6 Nh2 64. Kf6 h5 65. e6 hxg4 66. e7 gxh3
67. Rd8# 1-0

[Event "Russian Championship B15 2016"]
[Site "Loo"]
[Date "2016.04.26"]
[Round "7.25"]
[White "Saratovskiy, Dmitiy"]
[Black "Zakharov, Nikita"]
[Result "1-0"]
[WhiteElo "1938"]
[BlackElo "1940"]
[PlyCount "63"]
[EventDate "2016.04.20"]

1. d4 Nf6 2. c4 g6 3. Nc3 d5 4. cxd5 Nxd5 5. e4 Nxc3 6. bxc3 Bg7 7. Bc4 c5 8.
Ne2 O-O 9. O-O Nc6 10. Be3 b6 11. Rb1 cxd4 12. cxd4 Bb7 13. d5 Ne5 14. Bb3 Ba6
15. Re1 Qd6 16. Nd4 Rac8 17. Bf4 Qa3 18. Bxe5 Bxe5 19. Nc6 Rxc6 20. dxc6 Bd6
21. e5 Bc5 22. c7 b5 23. Qf3 Qa5 24. Qc6 Bb6 25. Rbc1 Qd2 26. Qf3 Bxc7 27. Red1
Qa5 28. Rd7 Bd8 29. Rxa7 Qb6 30. Rd7 e6 31. Rd6 Qb7 32. Rcc6 1-0

[Event "Russian Championship B15 2016"]
[Site "Loo"]
[Date "2016.04.26"]
[Round "7.26"]
[White "Brin, Ilya"]
[Black "Khroni, Nikita"]
[Result "1/2-1/2"]
[WhiteElo "1862"]
[BlackElo "1688"]
[PlyCount "172"]
[EventDate "2016.04.20"]

1. e4 c5 2. c3 d6 3. d4 cxd4 4. cxd4 Nf6 5. Nc3 e6 6. Bg5 Be7 7. Nf3 h6 8. Bh4
O-O 9. Bd3 Nc6 10. O-O e5 11. d5 Nb4 12. Bxf6 Bxf6 13. Be2 Na6 14. Rc1 Bd7 15.
Nd2 Rc8 16. Nc4 Be7 17. Qb3 Nc5 18. Qa3 b5 19. Ne3 Qb6 20. b4 Na4 21. Nxa4 bxa4
22. Nc4 Qd4 23. Qf3 f5 24. exf5 Rxf5 25. Qe3 Qxe3 26. Nxe3 Rff8 27. Ba6 Rxc1
28. Rxc1 Bd8 29. Nc4 Rf6 30. b5 Kf8 31. Rc2 Ke7 32. g3 Rf3 33. Ne3 Bb6 34. Kg2
Rxe3 35. fxe3 Bxe3 36. Rc7 Bb6 37. Rb7 a3 38. Kf3 Ke8 39. Rb8+ Ke7 40. g4 Bd4
41. Bc8 Be8 42. Rb7+ Kf6 43. Bf5 Bb6 44. Bd3 Bf7 45. Be4 Be8 46. Bd3 Bf7 47.
Be4 Be8 48. h4 Bd4 49. Bd3 Bc5 50. Kg3 Bd4 51. g5+ hxg5 52. hxg5+ Kxg5 53.
Rxg7+ Kf6 54. Rc7 Bf7 55. Be4 Bc5 56. Rc8 Bg6 57. Bxg6 Kxg6 58. Kf3 Kf6 59. Ke4
Ke7 60. Rc7+ Kd8 61. Rh7 Kc8 62. Kf5 Kd8 63. Rh6 Kc7 64. Ke4 Kb6 65. Kd3 Kxb5
66. Re6 Kb6 67. Ke4 Ka6 68. Re7 Kb6 69. Re8 a5 70. Rb8+ Ka7 71. Re8 Kb6 72. Re7
Ka6 73. Kd3 Kb6 74. Re8 Kb7 75. Rh8 Ka6 76. Rb8 Ka7 77. Rb1 Ka6 78. Ke4 Ka7 79.
Rb5 Ka6 80. Rxc5 dxc5 81. Kxe5 c4 82. d6 c3 83. d7 c2 84. d8=Q c1=Q 85. Qa8+
Kb6 86. Qb8+ Ka6 1/2-1/2

[Event "Russian Championship B15 2016"]
[Site "Loo"]
[Date "2016.04.26"]
[Round "7.27"]
[White "Medvedev, Vladimir"]
[Black "Balanda, Maksim"]
[Result "1-0"]
[WhiteElo "1698"]
[BlackElo "1615"]
[PlyCount "102"]
[EventDate "2016.04.20"]

1. e4 d5 2. exd5 Qxd5 3. Nc3 Qd8 4. d4 Nf6 5. Nf3 e6 6. Bf4 c6 7. Bd3 Be7 8.
Qd2 Nbd7 9. O-O O-O 10. a3 Nd5 11. Nxd5 cxd5 12. c3 Nf6 13. h3 Nh5 14. Bh2 f5
15. Ne5 Nf6 16. Rae1 Nd7 17. Nf3 Nf6 18. Ng5 Ne4 19. Nxe4 fxe4 20. Bb1 Bg5 21.
Qc2 g6 22. c4 Bf4 23. Bxf4 Rxf4 24. Re3 Qf6 25. Qc3 Bd7 26. f3 Rf8 27. Ba2 Qg5
28. Kh2 Qh5 29. Rf2 Rh4 30. c5 Rhf4 31. b4 Qg5 32. Bb3 Bb5 33. Bc2 Qe7 34. a4
Qc7 35. g3 Be2 36. Rfxe2 Rxf3 37. Rxf3 Rxf3 38. Qe1 Qf7 39. Kg2 Qc7 40. Re3 Rf6
41. Bb3 Qf7 42. Qe2 Qg7 43. b5 Rf7 44. Rxe4 dxe4 45. Bxe6 Qf6 46. Bxf7+ Kxf7
47. Qf2 Qxf2+ 48. Kxf2 Ke6 49. a5 Kd5 50. c6 bxc6 51. b6 axb6 1-0

[Event "Russian Championship B17 1st league 2016"]
[Site "Loo"]
[Date "2016.04.26"]
[Round "7.1"]
[White "Karpenko, Artem"]
[Black "Smorchkov, Danil"]
[Result "1-0"]
[WhiteElo "2324"]
[BlackElo "2017"]
[PlyCount "119"]
[EventDate "2016.04.20"]

1. d4 Nf6 2. c4 e6 3. g3 d5 4. Bg2 dxc4 5. Nf3 a6 6. O-O Nc6 7. e3 Rb8 8. Nfd2
Be7 9. Nxc4 O-O 10. Nc3 Re8 11. Qe2 Bf8 12. Rd1 Bd7 13. f4 Nb4 14. Ne5 Nbd5 15.
g4 Nxc3 16. bxc3 Nd5 17. Bd2 Ba4 18. Re1 f6 19. Nf3 c5 20. g5 Rc8 21. gxf6 gxf6
22. Kh1 cxd4 23. Nxd4 Qd7 24. Rg1 Kh8 25. Qg4 Qf7 26. Nxe6 Nxe3 27. Bxe3 Qxe6
28. f5 Qf7 29. Bd4 Bg7 30. Rab1 Rc7 31. Bf3 Bc6 32. Bxc6 bxc6 33. Rg2 c5 34.
Be3 Qd5 35. Bf4 Rce7 36. Rbg1 Qb7 37. h3 Qd5 38. Kh2 Qf7 39. Qf3 Qc4 40. Kh1
Rd7 41. Qc6 Qb5 42. Qf3 Qc4 43. Qh5 Qf7 44. Qh4 Qd5 45. Qg4 Rde7 46. h4 Qf7 47.
Bd6 Rd7 48. Bxc5 Rc8 49. Bd4 Qd5 50. Kh2 Qd6+ 51. Qg3 Qf8 52. Qf4 Bh6 53. Rg8+
Qxg8 54. Rxg8+ Kxg8 55. Qxh6 Rc6 56. Bxf6 Rcd6 57. Qg5+ Kf8 58. Bd4 h6 59. Qf4
Kf7 60. f6 1-0

[Event "Russian Championship B17 1st league 2016"]
[Site "Loo"]
[Date "2016.04.26"]
[Round "7.2"]
[White "Ofitserian, Boris"]
[Black "Petrenko, Kirill"]
[Result "1/2-1/2"]
[WhiteElo "2313"]
[BlackElo "2050"]
[PlyCount "70"]
[EventDate "2016.04.20"]

1. d4 Nf6 2. Nf3 e6 3. e3 b6 4. c4 Bb7 5. Nc3 Bb4 6. Bd3 Ne4 7. O-O Bxc3 8.
bxc3 O-O 9. Ne1 f5 10. f3 Nf6 11. a4 d6 12. a5 Nc6 13. Qb3 Qc8 14. axb6 axb6
15. Rxa8 Bxa8 16. e4 fxe4 17. fxe4 Kh8 18. Nf3 e5 19. Ba3 Re8 20. Qb1 Qa6 21.
Qc1 Qa4 22. h3 Na5 23. Ng5 Nxc4 24. Bb4 Na5 25. dxe5 dxe5 26. Nf7+ Kg8 27. Nh6+
Kh8 28. Qg5 Qd7 29. Rxf6 gxf6 30. Qxf6+ Qg7 31. Nf7+ Kg8 32. Nh6+ Kh8 33. Nf7+
Kg8 34. Nh6+ Kh8 35. Nf7+ Kg8 1/2-1/2